Catalog

Record Details

Catalog Search



Available copies

  • 3 of 3 copies available at LARL/NWRL Consortium.
  • 2 of 2 copies available at Lake Agassiz Regional Library. (Show preferred library)

Current holds

0 current holds with 3 total copies.

Show All Copies
Location Call Number / Copy Notes Barcode Shelving Location Status Due Date
Ada Public Library MON (Text) 33500012762720 Main Available -
Moorhead Public Library MON (Text) 33500012762746 Main Available -
Karlstad LINK Site MON (Text) 35500006078792 Main Available -

Record details

  • ISBN: 9780062854230
  • ISBN: 0062854232
  • ISBN: 9780062456908
  • ISBN: 0062456903
  • Physical Description: 464, 6 pages ; illustrations, genealogical tables, ... Read More
  • Edition: First U.S. edition.
  • Publisher: New York, NY : William Morrow, an imprint of HarperCollinsPublishers, 2017.

Content descriptions

General Note:
Includes a P.S. section with insights, interviews, & more.
Summary, etc.:
1939: Peace has flourished since the Great War ... Read More
Subject: Castles > Ireland > Fiction.
Families > Ireland > Fiction.
Ireland > History > 20th century > Fiction.
Genre: Domestic fiction.
Historical fiction.
Historical fiction.
LDR 02815cam a2200421Ii 4500
001292243
003LARL_NWRL_CONSORTIUM
00520180816140534.0
008180807s2017 nyuaj 000 1 eng d
010 . ‡abl2018117524
040 . ‡aJSE ‡beng ‡cJSE ‡erda ‡dJSE ‡dCHY ‡dKCK ‡dJNE ‡dCMI
020 . ‡a9780062854230 ‡q(hardback)
020 . ‡a0062854232 ‡q(hardback)
020 . ‡a9780062456908 ‡q(paperback)
020 . ‡a0062456903 ‡q(paperback)
035 . ‡a(OCoLC)1047962195
08204. ‡a823/.92 ‡223
1001 . ‡aMontefiore, Santa, ‡d1970- ‡eauthor. ‡0(LARL_NWRL_CONSORTIUM)206328
24010. ‡aLast secret of the Deverills
24514. ‡aThe secret of the Irish castle. ‡n#3 / ‡cSanta Montefiore.
250 . ‡aFirst U.S. edition.
264 1. ‡aNew York, NY : ‡bWilliam Morrow, an imprint of HarperCollinsPublishers, ‡c2017.
300 . ‡a464, 6 pages ; ‡billustrations, genealogical tables, ‡c24 cm.
336 . ‡atext ‡2rdacontent
337 . ‡aunmediated ‡2rdamedia
338 . ‡avolume ‡2rdacarrier
4900 . ‡aDeverill chronicles ; ‡v3
500 . ‡aIncludes a P.S. section with insights, interviews, & more.
520 . ‡a1939: Peace has flourished since the Great War ended, but much has changed for the Deverill family as now a new generation is waiting in the wings to make their mark. When Martha Wallace leaves her home in America to search for her birth mother in Dublin, she never imagines that she will completely lose her heart to the impossibly charming JP Deverill. But more surprises are in store for her after she discovers that her mother comes from the same place as JP, sealing her fate. Bridie Doyle, now Countess di Marcantonio and mistress of Castle Deverill, is determined to make the castle she used to work in her home. But just as she begins to feel things are finally going her way, her flamboyant husband Cesare has other ideas. As his eye strays away from his wife, those close to the couple wonder if he really is who he says he is. Kitty Deverill has come to accept her life with her husband Robert, and their two children. But then Jack O'Leary, the love of her life, returns to Ballinakelly. And this time his heart belongs elsewhere. As long-held secrets come to light, the Deverills will have to heal old wounds and come to terms with the past if they hope to ensure their legacy for the future.
650 0. ‡aCastles ‡zIreland ‡vFiction.
650 0. ‡aFamilies ‡zIreland ‡vFiction. ‡0(LARL_NWRL_CONSORTIUM)169344
651 0. ‡aIreland ‡xHistory ‡y20th century ‡vFiction.
655 7. ‡aDomestic fiction. ‡2lcgft
655 7. ‡aHistorical fiction. ‡2gsafd
655 7. ‡aHistorical fiction. ‡2lcgft
77508. ‡iReproduction of (manifestation): ‡aMontefiore, Santa, 1970- ‡tLast secret of the Deverills ‡dLondon : Simon & Schuster, 2017 ‡z9781471135927
901 . ‡a292243 ‡bOCoLC ‡c292243 ‡tbiblio ‡soclc

Additional Resources